Anuario legislativo de la policía gubernativa / (Record no. 173080)

MARC details
000 -LEADER
campo de control de longitud fija 00675nas a2200217 i 4500
001 - NÚMERO DE CONTROL
campo de control 173080
003 - IDENTIFICADOR DE NÚMERO DE CONTROL
campo de control ES-MaACL
005 - FECHA Y HORA DE LA ÚLTIMA TRANSACCIÓN
campo de control 20250217134835.0
008 - DATOS DE LONGITUD FIJA--INFORMACIÓN GENERAL
campo de control de longitud fija 091027c1951 sp | | ||pa d
022 ## - NÚMERO INTERNACIONAL NORMALIZADO PARA PUBLICACIONES SERIADAS
Número Internacional Normalizado para Publicaciones Seriadas 0402-6713
080 ## - NÚMERO DE LA CLASIFICACIÓN DECIMAL UNIVERSAL
Número de la Clasificación Decimal Universal 351.741.1(46)(058.2)
245 00 - MENCIÓN DEL TÍTULO
Título Anuario legislativo de la policía gubernativa /
Mención de responsabilidad, etc. Director: Manuel Martinez Aguirre...
260 ## - PUBLICACIÓN, DISTRIBUCIÓN, ETC.
Lugar de publicación, distribución, etc. Madrid :
Nombre del editor, distribuidor, etc. Dirección General de Seguridad,
Fecha de publicación, distribución, etc. 1951-
300 ## - DESCRIPCIÓN FÍSICA
Extensión 8 v. ;
Dimensiones 25 cm.
310 ## - PERIODICIDAD ACTUAL
Periodicidad actual Anual
700 1# - ENTRADA AGREGADA--NOMBRE PERSONAL
Nombre de persona Martínez Aguirre, Manuel.
9 (RLIN) 141486
710 1# - ENTRADA AGREGADA--NOMBRE DE ENTIDAD CORPORATIVA
Nombre de entidad corporativa o nombre de jurisdicción como elemento de entrada España.
Unidad subordinada Dirección General de Seguridad.
9 (RLIN) 3784
852 ## - LOCALIZACIÓN
Ubicación ES-MaACL
Número de control de estantería Hem-975
866 #0 - MENCIÓN TEXTUAL DE FONDOS--UNIDAD BIBLIOGRÁFICA BÁSICA
Fondos 1951-58.
Holdings
Estatus retirado Estado de pérdida Estado de daño No para préstamo Colección Biblioteca de origen Biblioteca actual Ubicación en estantería Fecha de adquisición Fuente de adquisición Total de préstamos Signatura topográfica completa Código de barras Visto por última vez Precio de reemplazo Tipo de ítem Koha
        Periódicos y Revistas Biblioteca del Ateneo de Madrid Biblioteca del Ateneo de Madrid Depósito 1 27/10/2009     Hem-975 1181612 23/02/2023 23/02/2023 Revista